| 000 | 02135cad a22002775a 4500 | ||
|---|---|---|---|
| 008 | 240810t2024 xxk f 000 0 eng d | ||
| 020 | _a9781783215300 | ||
| 035 | _a(Sirsi) u153640 | ||
| 041 | 0 | _aeng | |
| 050 | 0 | 4 | _a658.99 $2 20 |
| 100 | _aDavidson, Sarah | ||
| 110 | 2 |
_aRoyal Institution of Chartered Surveyors _94900 |
|
| 245 | 0 | 0 | _aCost analysis and benchmarking |
| 260 |
_aLondon, _bRICS, _cAugust 2024 |
||
| 300 | _a42p. | ||
| 490 | 0 | _aRICS Practice Information | |
| 490 | 0 | _aRICS Black Book | |
| 520 | _aOriginally published as a guidance note in 2011 this document has been rewritten as practice information, so as to account for changes in legislation, case law and construction contracts introduced since 2011. This practice information summarises the purpose and process of both cost analysis and construction project benchmarking. It is based on current practice within the UK and covers the general principles applying to each operation. It does not seek to cover every approach to cost analysis or benchmarking but looks at the subject areas from a practical aspect. In addition, while the processes of cost analysis and benchmarking are applicable to the whole life costs and carbon footprint associated with the construction and operation of a building, this guidance note considers capital cost only. The principles covered may, however, also be applied to costs in use. Although each operation is considered individually, the relationship between the process of cost analysis and benchmarking is discussed, as well as looking at how the results from both can help inform the design development and cost planning activities of a planned project. | ||
| 520 | _aSupersedes 1st edition, 2011, ISBN 9781842197097 | ||
| 650 | 2 | 4 | _aRICS BLACK BOOK |
| 650 | 2 | 4 | _aRICS QS AND CONSTRUCTION STANDARDS |
| 651 | 4 | _aUnited Kingdom | |
| 690 |
_aConstruction management _96230 |
||
| 856 | 4 | 0 |
_uhttps://www.rics.org/profession-standards/rics-standards-and-guidance/sector-standards/construction-standards/black-book/cost-analysis-and-benchmarking-2nd-edition _zAvailable on RICS.org |
| 942 |
_n0 _2ddc |
||
| 999 |
_c121984 _d121984 |
||